Цифровизация: наука и образование в условиях современных вызовов (Запись № 13118770)

Подробности
000 -МАРКЕР
контрольное поле 04014nam0a2200433 4500
001 - ИДЕНТИФИКАТОР ЗАПИСИ
контрольное поле RU\NLR\BIBL_A\012779530
005 - ИДЕНТИФИКАТОР ВЕРСИИ
контрольное поле 20220725181905.0
010 ## - МЕЖДУНАРОДНЫЙ СТАНДАРТНЫЙ НОМЕР КНИГИ (ISBN)
Номер (ISBN) 978-5-907555-21-1
Тираж 500
021 ## - НОМЕР ГОСУДАРСТВЕННОЙ РЕГИСТРАЦИИ
Код страны Российская Федерация
Номер КН-П-22-004550
Номер Листа государственной регистраци КН-П-22-0349
035 ## - ДРУГИЕ СИСТЕМНЫЕ НОМЕРА
Идентификатор записи (NLR Aleph) 012779530
035 ## - ДРУГИЕ СИСТЕМНЫЕ НОМЕРА
Идентификатор записи (RuMoRGB)010968794
100 ## - ДАННЫЕ ОБЩЕЙ ОБРАБОТКИ
Данные общей обработки 20220505d2021 k y0rusy50 ca
101 0# - ЯЗЫК РЕСУРСА
Язык текста, звукозаписи и т.д. русский
-- английский
102 ## - СТРАНА ПУБЛИКАЦИИ ИЛИ ПРОИЗВОДСТВА
Страна публикации Российская Федерация
-- Узбекистан
105 ## - ПОЛЕ КОДИРОВАННЫХ ДАННЫХ: ТЕКСТОВЫЕ МАТЕРИАЛЫ, МОНОГРАФИЧЕСКИЕ
Кодированные данные о монографическом текстовом документе a z 100zy
182 #0 - ПОЛЕ КОДИРОВАННЫХ ДАННЫХ: ТИП СРЕДСТВА
Код типа средства (ISBD) n - непосредственное
200 1# - ЗАГЛАВИЕ И СВЕДЕНИЯ ОБ ОТВЕТСТВЕННОСТИ
Основное заглавие Цифровизация: наука и образование в условиях современных вызовов
Сведения, относящиеся к заглавию сборник материалов I Международной Межфилиальной научной конференции, 29 октября 2021 года
Первые сведения об ответственности Российский экономический университет имени Г. В. Плеханова, Центр по работе с филиалами РЭУ им. Г. В. Плеханова, Совет директоров филиалов РЭУ им. Г. В. Плеханова
203 ## - ВИД СОДЕРЖАНИЯ И ТИП СРЕДСТВА
Вид содержания Текст
Дополнительные сведения об издании визуальный
Тип средства непосредственный
210 ## - ПУБЛИКАЦИЯ, РАСПРОСТРАНЕНИЕ И ДР.
Место издания, распространения и т.д. Ташкент
Имя издателя, распространителя и т. д. Ташкентский филиал РЭУ
Дата издания, распространения и т.д. 2021
215 ## - ФИЗИЧЕСКАЯ ХАРАКТЕРИСТИКА
Специфическое обозначение материала и объем 337 с.
Другие сведения о физической характеристике ил., табл.
Размеры 21
300 ## - ОБЩИЕ ПРИМЕЧАНИЯ
Текст примечания Загл. обл.: I Международная Межфилиальная научная конференция "Цифровизация: наука и образование в условиях современных вызовов"
300 ## - ОБЩИЕ ПРИМЕЧАНИЯ
Текст примечания Часть текста парал. рус., англ.
320 ## - ПРИМЕЧАНИЯ О НАЛИЧИИ В ДОКУМЕНТЕ БИБЛИОГРАФИИ / УКАЗАТЕЛЯ
Текст примечания Библиогр. в конце ст.
330 ## - РЕЗЮМЕ ИЛИ РЕФЕРАТ
Текст примечания В сборнике представлены доклады участников конференции, охватывающие научные, методологические и практические вопросы развития науки и национальных систем образования в современных реалиях с учетом цифровизации, определение путей и обоснование актуальных инновационных подходов к модернизации образовательных ресурсов в условиях пандемии, социальная политика и поддержка молодежи. Сборник рассчитан на специалистов в области экономики, преподавателей и молодых ученых
512 1# - ЗАГЛАВИЕ ОБЛОЖКИ
Заглавие обложки I Международная Межфилиальная научная конференция "Цифровизация: наука и образование в условиях современных вызовов"
606 1# - НАИМЕНОВАНИЕ ТЕМЫ КАК ПРЕДМЕТ
Наименование темы Образование
Формальный подзаголовок Съезды, совещания и т.п
Тематический подзаголовок Информационные технологии
Системный номер авторитетной/нормативной записи 2103593
Идентификатор авторитетной/нормативной записи RU\NLR\AUTH\661575610
606 1# - НАИМЕНОВАНИЕ ТЕМЫ КАК ПРЕДМЕТ
Наименование темы Наука
Формальный подзаголовок Съезды, совещания и т.п
Тематический подзаголовок Информационные технологии
Системный номер авторитетной/нормативной записи 2404964
Идентификатор авторитетной/нормативной записи RU\NLR\AUTH\661433320
606 1# - НАИМЕНОВАНИЕ ТЕМЫ КАК ПРЕДМЕТ
Наименование темы Экономика
Формальный подзаголовок Съезды, совещания и т.п
Тематический подзаголовок Информационные технологии
Системный номер авторитетной/нормативной записи 2099523
Идентификатор авторитетной/нормативной записи RU\NLR\AUTH\661269945
686 1# - ИНДЕКСЫ ДРУГИХ КЛАССИФИКАЦИЙ
Индекс Ч312.31я431
686 1# - ИНДЕКСЫ ДРУГИХ КЛАССИФИКАЦИЙ
Индекс Ч215.3я431
686 1# - ИНДЕКСЫ ДРУГИХ КЛАССИФИКАЦИЙ
Индекс У.в612я431
711 12 - НАИМЕНОВАНИЕ ОРГАНИЗАЦИИ - АЛЬТЕРНАТИВНАЯ ОТВЕТСТВЕННОСТЬ
Начальный элемент ввода "Цифровизация: наука и образование в условиях современных вызовов", международная межфилиальная научная конференция
Порядковый номер временной организации и / или порядковый номер ее части 1
Место проведения временной организации Ташкент
Дата проведения временной организации 2021
Системный номер авторитетной/нормативной записи 797500
Идентификатор авторитетной/нормативной записи RU\NLR\AUTH\880565256
712 02 - НАИМЕНОВАНИЕ ОРГАНИЗАЦИИ - ВТОРИЧНАЯ ОТВЕТСТВЕННОСТЬ
Код отношения Прочие
Начальный элемент ввода Российский экономический университет им. Г. В. Плеханова
Структурное подразделение Центр по работе с филиалами
Системный номер авторитетной/нормативной записи 797506
Идентификатор авторитетной/нормативной записи RU\NLR\AUTH\880565259
942 ## - ДОПОЛНИТЕЛЬНЫЕ ЭЛЕМЕНТЫ ЗАПИСИ (АБИС)
Тип экземпляра АБИС Книга
980 ## - КОЛЛЕКЦИЯ
Название коллекции Национальная библиография
Экземпляры
Тип экземпляра Дата поступления Источник поступления Библиотека постоянного хранения Библиотека текущего хранения Место хранения Шифр хранения Штрих-код Статус экземпляра
Книга 05.05.2022 Обязательный экземпляр РНБ (Московский) РНБ (Московский) Русский книжный фонд: издания с 1957 года 2022-3/11759 1-3774105  
Книга 05.05.2022 Обязательный экземпляр РНБ (Московский) РНБ (Московский) Русский книжный фонд: издания с 1957 года 2022-3/11759 1-3774106